| 000 | 00576nam a2200181 i 4500 | ||
|---|---|---|---|
| 001 | 62150 | ||
| 003 | ES-MaACL | ||
| 005 | 20230906164621.0 | ||
| 007 | t| | ||
| 008 | 031118s1948 xxu ||||1| eng d | ||
| 100 | 1 |
_aFay, Sidney Bradshaw. _949016 |
|
| 245 | 1 | 4 |
_aThe origins of the World War / _cby Sidney Bradshaw Fay. |
| 250 | _a2nd ed. rev. | ||
| 260 |
_aNew York : _bMacmillan Company, _c1948 ( _fJ.J. Little and Ives) |
||
| 300 |
_a2 t. en 1 v., 13 lám. ; _c21 cm. |
||
| 650 | 4 |
_aGuerra mundial, 1914-1918- _xCausas y antecedentes. _913216 |
|
| 852 | 4 |
_aES-MaACL _jB-12786 |
|
| 999 |
_c62150 _d62150 |
||